000 00371pab a2200157 454500
008 180718b2013 xxu||||| |||| 00| 0 eng d
100 _aHanumaiah, B.
245 _aRural education: Problems and remedies
260 _c2013
300 _ap.211-220,228.
362 _a29 Apr
650 _aRural education
773 _aUniversity News
908 _aN
909 _a98984
999 _c98983
_d98983